Несебыр (Запис номер 65086)
[ съкратено ]
| 000 -Лидер | |
|---|---|
| Контролно поле с фиксирана дължина | 02000nam a2200469 c 4500 |
| 003 - Код на организацията, давaща контролен номер | |
| Контролно поле | BLK |
| 005 - Дата и час на последна редакция | |
| Контролно поле | 20180420223334.0 |
| 008 - Елементи от данни с фиксирана дължина | |
| fixed length control field | 180408b bul|||||r ||||||| ||bul|| |
| 010 ## - Наследен системен номер | |
| LC control number | KNG00069361000 |
| 020 ## - Международен стандартен номер на книга ISBN | |
| Международен стандартен номер на книга ISBN | 978-954-579-832-0 |
| -- | издат.: Славена |
| 040 ## - Източник на каталожния запис | |
| Идентификатор на билиотеката - собственик на записа | BLK |
| 041 ## - Код за език | |
| Код за езика на текст/звукозапис или на отделно заглавие | Руски |
| Код за езика КДБФ | Руски |
| 072 #7 - Код за тематичната категория | |
| Код организация | bullib |
| Код за тематична категория | Н93 |
| Текст | Краезнание - отраслова литература Н |
| 072 #7 - Код за тематичната категория | |
| Код организация | bullib |
| Код за тематична категория | Н70 |
| Текст | Изкуства Н |
| 080 ## - УДК | |
| Текстов определител УДК | Краезнание |
| УДК код - определител по УДК | 908 |
| УДК определител | (497.23-21) |
| УДК - код + определител | 908(497.23-21) |
| 080 ## - УДК | |
| Текстов определител УДК | Архитектура на християнските храмове и църкви (общи въпроси) |
| УДК код - определител по УДК | 726.5 |
| УДК определител | .033.2(497.23-21) |
| УДК - код + определител | 726.5.033.2(497.23-21) |
| 100 1# - Редна дума - Автор | |
| Автор | Кияшкина, Петя Стефанова |
| Авторска отговорност | първи автор |
| R(LIN) | 292299 |
| 139 ## - Редно поле | |
| Редна дума | Кияшкина, Петя Стефанова |
| Авторски знак | Киш - К 62 |
| 245 10 - Сведения за заглавието | |
| Заглавие | Несебыр |
| Подзаглавни данни | Тысячелетний город |
| Редно поле (дума) | Петя Стефанова Кияшкина; пер. с болг. Татьяна Николова Маринова. |
| 257 ## - Страна на издаване | |
| Страна на създаване/издаване | България |
| 260 ## - Област на издателските данни | |
| -- | Варна |
| Име на издателя, разпространителя и проч. | Славена |
| Година на издаване | 2010 |
| 300 ## - Физическа характеристика | |
| Страници | 48 с. |
| Илюстрации и др. | с цв. ил. |
| Размери/Мащаб | 16 см |
| 380 ## - Жанр | |
| Жанр | История |
| 490 1# - СЕРИИ (Колекции) | |
| Име на серия | Библиотека Културно-историческо наследство |
| 650 #4 - Допълнително описание по предмет – тема | |
| Основно описание – тема или топоним | Градове, български - старини |
| 9 (RLIN) | 292301 |
| 650 #4 - Допълнително описание по предмет – тема | |
| Основно описание – тема или топоним | Архитектура, църковна - Несебър |
| 9 (RLIN) | 292302 |
| 651 #4 - Допълнително описание по предмет - топоним | |
| Географско понятие | Несебър |
| 9 (RLIN) | 179261 |
| 651 #4 - Допълнително описание по предмет - топоним | |
| Географско понятие | България |
| 9 (RLIN) | 241624 |
| 653 ## - Ключова дума – ненормативна | |
| Ключова дума | градове |
| 653 ## - Ключова дума – ненормативна | |
| Ключова дума | старини |
| 653 ## - Ключова дума – ненормативна | |
| Ключова дума | църковна архитектура |
| 653 ## - Ключова дума – ненормативна | |
| Ключова дума | културно-историческо наследство |
| 653 ## - Ключова дума – ненормативна | |
| Ключова дума | Несебър |
| 653 ## - Ключова дума – ненормативна | |
| Ключова дума | България |
| 659 ## - Тематичен бюлетин | |
| Тематичен бюлетин | Н |
| 700 1# - Други автори (авторска отговорност) | |
| Лично име | Маринова, Татьяна Николова |
| Автороска отговорност (Описва отношението между автора и произведението) | пер. с болг. |
| 9 (RLIN) | 292300 |
| 852 ## - Местоположение | |
| Форматна сигнатура | Цб І 34159 |
| 856 4# - Електронен адрес и достъп | |
| Електронен формат | pdf - файл |
| Път до файла /url/ | |
| 856 4# - Електронен адрес и достъп | |
| Електронен формат | pdf - файл |
| Път до файла /url/ | |
| 942 ## - АРТИКУЛИ | |
| Вид на библиотечния материал | Книги |
| Скрит в OPAC | Не |
| 944 ## - СЪЗДАВАНЕ И РЕДАКЦИЯ на ЗАПИСА | |
| Създаване/Редакция | Създаване |
| Дата на регистрацията/редакция | 19.09.2011 |
| Служител, извършил регистрацията/редакцията | Милена_Ачева |
| 944 ## - СЪЗДАВАНЕ И РЕДАКЦИЯ на ЗАПИСА | |
| Създаване/Редакция | Редакция |
| Дата на регистрацията/редакция | 01.02.2012 |
| Служител, извършил регистрацията/редакцията | |
| 999 ## - СИСТЕМНИ КОНТРОЛНИ НОМЕРА | |
| Koha biblionumber | 65086 |
| Koha biblioitemnumber | 65086 |
| Код за отписване | Код за изгубен артикул | Код за повреда | Коз за рестрикции | Код за отдаване | Артикулен № | Име на библиотеката - собственик | Име на библиотеката, в която се намира в момента | Статус (Текущо местоположение) | Дата на вписване в системата | Местоположение - отдел | Цена в лева | Инвентарен номер | Систематично азбучна сигнатура | Баркод | Номер на екземпляра | Цена в евро | Служебна бележка | Служебен тип на артикула |
|---|---|---|---|---|---|---|---|---|---|---|---|---|---|---|---|---|---|---|
| Не е изгубен | Не е повреден | без рестрикции | ползва се в читалня | 107406 | Регионална библиотека "Любен Каравелов" Русе | Регионална библиотека "Любен Каравелов" Русе | Хранилище | 2011-09-15 | Хранилище | 5.00 | 120000753073 | Цб І 34159 | 120000753073 | 1 | 2.56 | Дост: Dp Вид: Д N: 8 Дата: 21.02.2011 | Книги |